Khoa học con người và phát triển nguồn nhân lực /

Na minha lista:
Detalhes bibliográficos
Autor principal: Hồ Bá Thâm
Formato: Sách giấy
Idioma:Vietnamese
Publicado em: Tp.Hồ Chí Minh : Tổng hợp, 2003
Tags: Adicionar Tag
Sem tags, seja o primeiro a adicionar uma tag!
Thư viện lưu trữ: Thư viện Trường Đại học Đà Lạt
LEADER 00655nam a2200277 4500
001 DLU040028665
005 ##20040803
040 # # |a DLU  |b vie 
041 # # |a vie 
044 # # |a vn 
082 # # |a 301  |b HO-T 
100 # # |a Hồ Bá Thâm 
245 # # |a Khoa học con người và phát triển nguồn nhân lực /  |c Hồ Bá Thâm 
260 # # |a Tp.Hồ Chí Minh :  |b Tổng hợp,  |c 2003 
300 # # |a 307 tr. ;  |c 20 cm 
923 # # |a 19/2004 
992 # # |a 30000 
994 # # |a DLU 
900 # # |a True 
911 # # |a Đào Thị Thu Huyền 
925 # # |a G 
926 # # |a A 
927 # # |a SH 
980 # # |a Thư viện Trường Đại học Đà Lạt